|
|
|
|
| LEADER |
00000naa2a2200000 4500 |
| 001 |
390442 |
| 005 |
20231101063955.0 |
| 035 |
|
|
|a (RuTPU)RU\TPU\prd\23478
|
| 090 |
|
|
|a 390442
|
| 100 |
|
|
|a 20040303a2003 k y0rusy50 ca
|
| 101 |
0 |
|
|a rus
|
| 102 |
|
|
|a RU
|
| 200 |
1 |
|
|a Уточнение метрологических характеристик расходомеров, применяемых для замеров приемистости в нагнетательных скважинах
|f Т. Н. Силкина, Е. В. Пугачев
|
| 225 |
1 |
|
|a Нефтепромысловое оборудование
|
| 461 |
|
1 |
|0 (RuTPU)RU\TPU\prd\1638
|x 0028-2448
|t Нефтяное хозяйство
|o научно-технический производственный журнал
|d 1925-1940, 1946-
|
| 463 |
|
1 |
|0 (RuTPU)RU\TPU\prd\22713
|t № 12
|v С. 70-73
|d 2003
|
| 610 |
1 |
|
|a метрологические характеристики
|
| 610 |
1 |
|
|a расходомеры
|
| 610 |
1 |
|
|a замеры
|
| 610 |
1 |
|
|a нагнетательные скважины
|
| 610 |
1 |
|
|a фильтрационно-емкостные свойства
|
| 610 |
1 |
|
|a гидродинамические исследования скважин
|
| 675 |
|
|
|a 622.276.5.05.002.56
|v 3
|
| 700 |
|
1 |
|a Силкина
|b Т. Н.
|
| 701 |
|
1 |
|a Пугачев
|b Е. В.
|c специалист в области инженерной геологии
|c инженер-исследователь Томского политехнического университета
|f 1969-
|g Евгений Вячеславович
|2 stltpush
|3 (RuTPU)RU\TPU\pers\47121
|
| 801 |
|
1 |
|a RU
|b 63413507
|c 20040303
|g PSBO
|
| 801 |
|
2 |
|a RU
|b 63413507
|c 20220310
|g RCR
|
| 942 |
|
|
|c BK
|